Seed technology conference: proceedings of the fourth annual 1981
Đã lưu trong:
| Format: | Bog |
|---|---|
| Sprog: | Undetermined |
| Udgivet: |
Iowa
Seed Science Center, Iowa State University
1981
|
| Fag: | |
| Tags: |
Tilføj Tag
Ingen Tags, Vær først til at tagge denne postø!
|
| Thư viện lưu trữ: | Trung tâm Học liệu Trường Đại học Cần Thơ |
|---|
| LEADER | 00480nam a2200157Ia 4500 | ||
|---|---|---|---|
| 001 | CTU_38522 | ||
| 008 | 210402s9999 xx 000 0 und d | ||
| 082 | |a 631.521 | ||
| 082 | |b P963/1981 | ||
| 245 | 0 | |a Seed technology conference: proceedings of the fourth annual 1981 | |
| 260 | |a Iowa | ||
| 260 | |b Seed Science Center, Iowa State University | ||
| 260 | |c 1981 | ||
| 650 | |a seed production | ||
| 904 | |i Liên, 990423 | ||
| 980 | |a Trung tâm Học liệu Trường Đại học Cần Thơ | ||